| 000 | 02065nam a2200361 i 4500 | ||
|---|---|---|---|
| 999 |
_c5291 _d5291 |
||
| 001 | ocn1321901591 | ||
| 003 | OCoLC | ||
| 005 | 20250902134710.0 | ||
| 008 | 221005s2022 nyub d 000 1 eng d | ||
| 020 | _a9781529381009 | ||
| 040 |
_aDLC _beng _erda _cDLC _dBDX _dOCLCF _dTOH _dIK2 _dYDX _dILC _dNYP _dCaOL _dKH8 |
||
| 082 | _aFIC GAR | ||
| 100 | 1 |
_aGarber, Stephanie, _eauthor. |
|
| 245 | 1 | 4 |
_aThe ballad of never after / _cStephanie Garber. |
| 264 | 1 |
_aLondon : _bHodder & Stoughton, _c2023. |
|
| 300 |
_a403 pages : _bmap ; _c25 cm. |
||
| 336 |
_atext _btxt _2rdacontent. |
||
| 337 |
_aunmediated _bn _2rdamedia. |
||
| 338 |
_avolume _bnc _2rdacarrier. |
||
| 490 | 1 |
_aOnce upon a broken heart ; _v2. |
|
| 500 | _aSequel to: Once upon a broken heart. | ||
| 520 |
_a"After Jacks, the Prince of Hearts, betrays her, Evangeline Fox swears she'll never trust him again. Now that she's discovered her own magic, Evangeline believes she can use it to restore the chance at happily ever after that Jacks stole away. But when a new terrifying curse is revealed, Evangeline finds herself entering into a tenuous partnership with the Prince of Hearts again. Only this time, the rules have changed. Jacks isn't the only force Evangeline needs to be wary of. In fact, he might be the only one she can trust, despite her desire to despise him. Instead of a love spell wreaking havoc on Evangeline's life, a murderous spell has been cast. To break it, Evangeline and Jacks will have to do battle with old friends, new foes, and a magic that plays with heads and hearts. Evangeline has always trusted her heart, but this time she's not sure she can. . . "-- _cProvided by publisher. |
||
| 650 | 0 |
_aMagic _vFiction. |
|
| 650 | 0 |
_aBlessing and cursing _vFiction. |
|
| 650 | 0 |
_aLove _vFiction. |
|
| 650 | 0 |
_aRoyal houses _vFiction. |
|
| 650 | 0 |
_aRomance fiction. _2genre. |
|
| 650 | 0 |
_aFantasy fiction. _2genre. |
|
| 650 | 0 |
_aParanormal fiction. _2genre. |
|
| 700 |
_aAllyn, Virginia, _emap illustrator. |
||
| 830 | 0 |
_aOnce upon a broken heart (Series) ; _v2. |
|
| 942 |
_2ddc _cFIC |
||